September's fall (Record no. 77883)

MARC details
000 -LEADER
fixed length control field 00897cab a2200193 4500
001 - CONTROL NUMBER
control field ##L135391
008 - FIXED-LENGTH DATA ELEMENTS--GENERAL INFORMATION
fixed length control field 061023n2006 000 0 eng u
035 ## - SYSTEM CONTROL NUMBER
System control number (Sirsi) u135391
041 0# - LANGUAGE CODE
Language code of text/sound track or separate title eng
100 1# - MAIN ENTRY--PERSONAL NAME
Personal name McCormick, Helen
245 00 - TITLE STATEMENT
Title September's fall
260 ## - PUBLICATION, DISTRIBUTION, ETC.
Date of publication, distribution, etc. 2006
490 #0 - SERIES STATEMENT
Series statement Contract Journal
Volume/sequential designation 435(6597) 18 October 2006, 18-19(2)
520 ## - SUMMARY, ETC.
Summary, etc. Balfour Beatty topped the new work winners monthly league tables for September and for the past 12 months. In September's table, Bovis Lend Lease climbed to second and Laing O'Rourke remained in third. Overall figures reveal a fall in contract orders from August's figures, with the exception of the public sector. Includes tables giving breakdown of work by geographical region and sector for the last 12 months.
590 ## - LOCAL NOTE (RLIN)
Local note IKA311006
651 #4 - SUBJECT ADDED ENTRY--GEOGRAPHIC NAME
Geographic name GREAT BRITAIN
690 ## - LOCAL SUBJECT ADDED ENTRY--TOPICAL TERM (OCLC, RLIN)
Topical term or geographic name as entry element BUILT ENVIRONMENT-CONSTRUCTION MARKET
942 ## - ADDED ENTRY ELEMENTS (KOHA)
Suppress in OPAC 0
Holdings
Withdrawn status Lost status Source of classification or shelving scheme Damaged status Not for loan Home library Current library Shelving location Date acquired Total Checkouts Full call number Barcode Date last seen Copy number Price effective from Koha item type
    Dewey Decimal Classification     London London Journal article 23/10/2006   L135391 135391-1001 06/08/2019 1 06/08/2019 Journal article